| 000 | 00000nam 2200000zi 4500 |
| 001 | 9.934713 |
| 003 | CaOODSP |
| 005 | 20250219150740 |
| 006 | m o d f |
| 007 | cr mn||||||||| |
| 008 | 240229e201701 onc o f000 0 fre d |
| 040 | |aCaOODSP|bfre|erda|cCaOODSP |
| 043 | |an-cn--- |
| 086 | 1 |aBT43-205/2017F-PDF |
| 245 | 00|aRégime de services dentaires pour les pensionnés (RSDP) : |blivret du participant. |
| 264 | 1|a[Ottawa] : |bGouvernement du Canada = Government of Canada, |cjanvier 2017. |
| 300 | |a1 ressource en ligne (i, 17 pages) |
| 336 | |atexte|btxt|2rdacontent/fre |
| 337 | |ainformatique|bc|2rdamedia/fre |
| 338 | |aressource en ligne|bcr|2rdacarrier/fre |
| 500 | |aPublié aussi en anglais sous le titre : Pensioners' Dental Services Plan (PDSP) : member booklet. |
| 500 | |aVeuillez noter: Cette édition de 2017 n'est plus à jour. Pour un lien vers l'édition la plus récente, veuillez vous référez à la page pour le Régime de services dentaires pour les pensionnés se trouvant sur canada.ca.–19 février 2025. |
| 500 | |a« Révisé, janvier 2017. » |
| 500 | |a« Contrat numéro 25555. » |
| 650 | 6|aDentisterie d'État|zCanada. |
| 650 | 6|aFonctionnaires retraités|xServices|zCanada. |
| 710 | 1 |aCanada. |bConseil du trésor, |eorganisme de publication. |
| 775 | 08|tPensioners' Dental Services Plan (PDSP) : |w(CaOODSP)9.934670 |
| 856 | 40|qPDF|s458 Ko|uhttps://publications.gc.ca/collections/collection_2024/sct-tbs/BT43-205-2017-fra.pdf |